South Asian Goddesses and the Natural Environment

محفوظ في:

المؤلف الرئيسي: Marika Vicziany

التنسيق: كتاب

اللغة: Undetermined

الوصول للمادة أونلاين: Login to view Source

الوسوم: إضافة وسم

لا توجد وسوم, كن أول من يضع وسما على هذه التسجيلة!

رقم الطلب:

LEADER 00451nmm a2200133Ia 4500
008 240716s9999||||xx |||||||||||||||||und||
020 |a 9781803276717 
020 |a 9781803276724 
100 |a Marika Vicziany 
245 1 0 |a South Asian Goddesses and the Natural Environment  |c Marika Vicziany 
264 |b Archaeopress Archaeology  |c 8-فبراير-24 
856 4 0 |u http://library.arce.org:8087/Archaeopress/Products/9781803276717 
942 |2 lcc  |c EBOOK 
999 |c 58957  |d 58957